Picture making with paper negatives /

Bibliographic Details
Main Author: Ward, Nowell
Format: Book
Language:English
Published: Boston : American photographic publishing co., 1947
Subjects:

MARC

Tag First Indicator Second Indicator Subfields
LEADER 00000cam a2200000 i 4500
001 in00000029628
005 20151007062852.0
008 780110c19471938maua 00010 engm
010 |a  38027528  
035 |a (OCoLC)03547427 
035 |9 AAD5981AM 
040 |a DLC  |c VVR  |d VVR  |d TXA  |d UtOrBLW 
049 |a TXAM  |c [181291] 
050 0 |a TR310  |b .W3 
092 |a 770  |b W261p 
100 1 |a Ward, Nowell. 
245 1 0 |a Picture making with paper negatives /  |c by Nowell Ward. 
264 1 |a Boston :  |b American photographic publishing co.,  |c 1947 
264 4 |c [©1938] 
300 |a ix, 2 unnumbered pages, 13-88 pages :  |b illustrations ;  |c 26 cm. 
336 |a text  |b txt  |2 rdacontent 
337 |a unmediated  |b n  |2 rdamedia 
338 |a volume  |b nc  |2 rdacarrier 
650 0 |a Photography  |x Negatives. 
740 0 |a Paper negatives, Picture making with. 
999 |a MARS 
999 f f |s 950e509d-00f4-3e31-a3d7-ac990115437b  |i 5ebe7801-e4bb-33cc-9316-5252cc780ccd  |t 0 
952 f f |p ric  |a Texas A&M University  |b Rellis Campus  |c Joint Library Facility  |d Remote Storage  |t 0  |e TR310 .W3  |h Library of Congress classification  |i unmediated -- volume  |m A14801160460 
998 f f |a TR310 .W3  |t 0  |l Remote Storage